Aminoácidos - Statistics

General Stats
  • This quiz has been taken 81 times
  • The average score is 15 of 20
Answer Stats
Answer % Correct
Valina
97%
Alanina
94%
Isoleucina
88%
Leucina
84%
Glutamina
81%
Prolina
75%
Aspartato
72%
Cisteína
72%
Arginina
69%
Glicina
69%
Treonina
69%
Triptofano
69%
Asparagina
66%
Fenilalanina
66%
Histidina
66%
Lisina
66%
Serina
66%
Glutamato
63%
Metionina
63%
Tirosina
63%
No matching quizzes found
Score Distribution
Percent of People with Each Score
Percentile by Number Answered
Your Score History
You have not taken this quiz